000 00831cam a22002531 4500
001 29519
003 BD-RjUL
005 20211209051425.0
008 140403s1951 enk 000 0 eng
035 _a(BD-RjUL)29604
040 _aDLC
_cOAU
_dOCoLC
_dOClW-H
_dDLC
_beng
041 _aeng
082 _a131.3404
_bJOE V-1 1964
100 1 _aJones, Ernest,
_d1879-1958.
_93810
245 0 0 _aEssays in applied psycho-analysis /
_nVOLUME I.
_pMISCELLANEOUS ESSAYS.
260 _aLondon :
_bHogarth Press,
_c1964.
300 _a333 p. :
_c23 cm.
505 0 _aV.1 Miscellaneous essays.--V.2 Essays in folklore, anthropology and religion.
650 0 _aPsychoanalysis.
_989972
942 _2ddc
_cBK
999 _c29519
_d29519